El año 2000 : (Record no. 111753)

MARC details
000 -LEADER
campo de control de longitud fija 01178nam a2200325Ia 4500
001 - NÚMERO DE CONTROL
campo de control 88399
005 - FECHA Y HORA DE LA ÚLTIMA TRANSACCIÓN
campo de control 20230411090046.0
008 - DATOS DE LONGITUD FIJA--INFORMACIÓN GENERAL
campo de control de longitud fija 990716s1998 ck 000 0 spa d
035 ## - NÚMERO DE CONTROL DEL SISTEMA
Número de control de sistema (OCoLC)ocm41887783
040 ## - FUENTE DE CATALOGACIÓN
Centro catalogador/agencia de origen PIF
Centro/agencia transcriptor PIF
Centro/agencia modificador DIBAM
020 ## - NÚMERO INTERNACIONAL ESTÁNDAR DEL LIBRO
Número Internacional Estándar del Libro 9580444358 :
Condiciones de disponibilidad $10.00
020 ## - NÚMERO INTERNACIONAL ESTÁNDAR DEL LIBRO
Número Internacional Estándar del Libro 9789580444350
035 ## - NÚMERO DE CONTROL DEL SISTEMA
Número de control de sistema (OCoLC)41887783
041 1# - CÓDIGO DE IDIOMA
Código de lengua del texto/banda sonora o título independiente spa
Código de lengua original eng
090 ## - LOCALMENTE ASIGNADO TIPO-LC NÚMERO DE CLASIFICACIÓN (OCLC); NÚMERO DE CLASIFICACIÓN LOCAL (RLIN)
Número de clasificación (OCLC) (R) ; Numero de clasificación, CALL (RLIN) (NR) QA76.76.S64
Número cutter local (OCLC) ; Número de libro/Signatura topográfica íntegra, CALL (RLIN) Z4818 1998
049 ## - FONDOS LOCALES (OCLC)
Biblioteca depositaria GRAL
100 1# - ENTRADA PRINCIPAL--NOMBRE DE PERSONA
Nombre de persona Zetlin, Minda.
245 13 - MENCIÓN DEL TÍTULO
Título El año 2000 :
Resto del título una bomba de tiempo /
Mención de responsabilidad, etc. Minda Zetlin; traducción María Mercedes Correa
260 ## - PUBLICACIÓN, DISTRIBUCIÓN, ETC.
Lugar de publicación, distribución, etc. Bogotá, Colombia :
Nombre del editor, distribuidor, etc. Norma,
Fecha de publicación, distribución, etc. c1998.
300 ## - DESCRIPCIÓN FÍSICA
Extensión 132 p. ;
Dimensiones 21 cm.
500 ## - NOTA GENERAL
Nota general Translation of: The computer time bomb: how to keep the century date change from killing your organization, c1998.
500 ## - NOTA GENERAL
Nota general "Cómo impedir que el cambio de siglo acabe con el sistema de información de su empresa"--T.p. and cover.
650 #0 - PUNTO DE ACCESO ADICIONAL DE MATERIA--TÉRMINO DE MATERIA
Término de materia o nombre geográfico como elemento de entrada Year 2000 date conversion (Computer system)
650 #0 - PUNTO DE ACCESO ADICIONAL DE MATERIA--TÉRMINO DE MATERIA
Término de materia o nombre geográfico como elemento de entrada Software maintenance.
650 #7 - PUNTO DE ACCESO ADICIONAL DE MATERIA--TÉRMINO DE MATERIA
Término de materia o nombre geográfico como elemento de entrada MANTENCION DE SOFTWARE.
Fuente del encabezamiento o término renib
650 #7 - PUNTO DE ACCESO ADICIONAL DE MATERIA--TÉRMINO DE MATERIA
Término de materia o nombre geográfico como elemento de entrada CONVERSION DE FECHA AÑO 2000 (SISTEMAS COMPUTACIONALES)
Fuente del encabezamiento o término renib
942 ## - ELEMENTOS DE ENTRADA SECUNDARIOS (KOHA)
Fuente del sistema de clasificación o colocación Clasificación de Library of Congress
Tipo de ítem Koha
994 ## -
-- C0
-- DRFGD
946 ## - PROCESAMIENTO DE INFORMACIÓN LOCAL (OCLC)
a web
Holdings
Estatus retirado Estado de pérdida Fuente del sistema de clasificación o colocación Estado de daño No para préstamo Colección Biblioteca de origen Biblioteca actual Ubicación en estantería Fecha de adquisición Código de barras Visto por última vez Copia número Tipo de ítem Koha
    Clasificación de Library of Congress     Automatización y Procesos Técnicos Biblioteca Juan Bosch Biblioteca Juan Bosch Automatización y Procesos Técnicos (1er. Piso) 11/04/2023 00000077745 17/02/2019 1